Actitudes hacia la fauna en Latinoamérica / (Registro nro. 2046)

Detalles MARC
000 -CABECERA
Campo de control 00997cam a22002297i 4500
005 - FECHA Y HORA DE LA ULTIMA TRANSACCION
Campo de control 20160106044525.0
008 - ELEMENTOS DE LONGITUD FIJA—INFORMACION GENERAL
Campo de control 010126n dcuab r 000 0 spa d
020 ## - ISBN
ISBN 9583317322
040 ## - FUENTE DE CATALOGACIÓN
Agencia catalogadora original OSU
Agencia transcriptora OSU
Agencia Modificadora CO-BoIAVH
041 0# - IDIOMA
Código de idioma para texto/pista de sonido o título separado Español
Código de idioma del sumario o resumen/título o subtítulo sobreimpreso eng
082 04 - NUMERO DE CLASIFICACION DECIMAL DEWEY
Número de clasificación 333.95416
Número del ítem A18a
245 00 - MENCION DE TITULO
Título Actitudes hacia la fauna en Latinoamérica /
Mención de responsabilidad Fernando Nassar-Montoya, Rebecca Crane, editores.
260 ## - PUBLICACION, DISTRIBUCION, ETC. (PIE DE IMPRENTA)
Lugar de publicación, distribución, etc. Washington, D.C.:
Nombre del editor, distribuidor, etc. Humane Society International, Humane Society Press ;
Lugar de publicación, distribución, etc. Bogotá
Nombre del editor, distribuidor, etc. CHumane Society International, Humane Society Press, Centro de Primatología Araguatos,
Fecha de publicación, distribución, etc. [2000]
300 ## - DESCRIPCION FISICA
Extensión xxiii, 289 páginas :
Otros detalles físicos ilustraciones y mapas ;
Dimensiones 24 cm.
504 ## - NOTA DE BIBLIOGRAFIA, ETC.
Nota de bibliografía Incluye referencias bibliográficas.
650 14 - ASIENTO SECUNDARIO DE MATERIA - TERMINO TEMATICO
Término temático o nombre geográfico como elemento de entrada Conservación de la vida silvestre
Subdivisión geográfica América Latina
9 (RLIN) 46807
650 24 - ASIENTO SECUNDARIO DE MATERIA - TERMINO TEMATICO
Término temático o nombre geográfico como elemento de entrada Gestión de la vida silvestre
Subdivisión geográfica América Latina
9 (RLIN) 46808
650 24 - ASIENTO SECUNDARIO DE MATERIA - TERMINO TEMATICO
Término temático o nombre geográfico como elemento de entrada Zoológicos
Subdivisión geográfica América Latina
9 (RLIN) 46809
700 1# - ASIENTO SECUNDARIO - NOMBRE PERSONAL
Nombre personal Crane, Rebecca.
9 (RLIN) 14294
700 1# - ASIENTO SECUNDARIO - NOMBRE PERSONAL
Nombre personal Nassar-Montoya, Fernando.
9 (RLIN) 3350
942 ## - ELEMENTOS ADICIONALES (KOHA)
Sistema de clasificación Dewey Decimal Classification
Tipo de ítem Libro
Existencias
Withdrawn status Lost status Sistema de Clasificación Damaged status No para préstamo Colección Inventariado Ubicación Permanente Ubicación actual Fecha de adquisición Fuente de Valor Valor Total Checkouts Número topográfico Inventario / Código de Barras Checked out Date last seen Date checked out Ejemplar Price effective from Forma de adquisición Tipo de material
    Dewey Decimal Classification     General Inventariado 2017 Bogotá Bogotá 29/01/2001 Instituto 39000.00 1 LB-333.95416 A18a 002540 19/02/2020 29/01/2020 29/01/2020 Ej. 1 04/12/2012   Libro
    Dewey Decimal Classification     General Inventariado 2017 Sala Fabio Quevedo Sala Fabio Quevedo 29/01/2001 Instituto 39000.00   LB-333.95416 A18a 002541   04/12/2012   Ej. 2 04/12/2012 Donación Libro